000 01085nam a2200289 i 4500
001 bg
003 KOSZ 005
005 20200709140438.0
008 070916s1968 pl a f f 000 0 pol
015 _aPB 1968/3974
040 _aWA N
_cKOSZ 005/RW
_dKOSZ 005/RW
080 _a621.01(075):620.1(075)
100 1 _aRososiński, Stanisław.
245 1 0 _aZbiór zadań z mechaniki technicznej.
_nCz. 2,
_pWytrzymałość materiałów /
_cStanisław Rososiński.
246 3 0 _aWytrzymałość materiałów
250 _aWyd. 12.
260 _aWarszawa :
_bPaństwowe Wydawnictwo Szkolnictwa Zawodowego,
_c1968.
300 _a85, [3] s. :
_bil. ;
_c23 cm.
380 _aKsiążki.
504 _aBibliogr. s. [87].
521 8 _aDla kl. 3 techników.
650 4 _aWytrzymałość materiałów
655 4 _aĆwiczenia i zadania dla szkół zawodowych
710 2 _aPaństwowe Wydawnictwo Szkolnictwa Zawodowego
_4pbl.
856 _uhttp://koha.tu.koszalin.pl/cgi-bin/koha/opac-detail.pl?biblionumber=11219
_yKatalog online BPK
942 _2UKD
_cKS
999 _c11219
_d11219